00473 2200181 4500245006200000020002200062250001000084100001800094700002200112700002400134650002500158005001900183260003200202041001400234084001100248300002300259336000900282 aPanduan Praktis Menulis Karya IlmiahcMulasih, M.PdhText a978-623-7661-23-8 acet.1 aMulasih, M.Pd aWinda Dwi Hudhana aRiskaninda Maharani aMenulis Karya Ilmiah a20240925140629 aYogyakartabChecklistc2020 aIndonesia a808.02 a194 hlm :c20,5 cm atext